| 000 | 00580nam a2200193Ia 4500 | ||
|---|---|---|---|
| 999 |
_c112 _d112 |
||
| 003 | OSt | ||
| 005 | 20241126110330.0 | ||
| 008 | 160525b xxu||||| |||| 00| 0 eng d | ||
| 040 | _cgbc | ||
| 082 |
_a268.432 _bFUL |
||
| 100 |
_aFulbright, Robert _99545 |
||
| 245 |
_aWorking With Children in Sunday School / _cRobert Fulbright & Eugene Chamberlain |
||
| 260 |
_bConvention Press, _aNashville: _c1974 |
||
| 300 |
_a160 p.; _c20 cm. |
||
| 650 |
_aSunday School _vChildren _97116 |
||
| 650 |
_aReligious Education _96008 |
||
| 653 | _aReligious Education - Children | ||
| 942 |
_2ddc _cBK _02 |
||